1361 1634 1579 1096 1396 1012 1778 1998 1437 1033 1635 1972 1672 1670 1097 1633 1877 1061 1711 1086 1837 1239 1797 1069 1528 1279 1484 1701 1837 1213 1298 1394 1113 1630 1613 1931 1815 1063 1406 1846 1235 1096 1376 1876 1167 1146 1936 1640 1996 1873 1987 1058 1973 1412 1255 1312 1383 1210 1205 1971 1174 1838 1658 1158 1747 1261 1835 1534 1442 1185 1204 1188 1907 1345 1483 1485 1432 1768 1800 1743 1958 1280 1324 1600 1761 1464 1282 1552 1049 1300 1211 1190 1107 1734 1885 1454 1481 1634 1549 BCNSPRNW ULIB Ver.6.0+V

เปลี่ยนเป็นภาษาไทย

Change to English
 แสดงรายละเอียดบรรณานุกรม
  กลับหน้าหลัก

Brief Record : Get Marc (ISO 2709) : E-mail record : QR code < ปิดหน้าต่าง
LEADER : 00000nam 2200000uu 4500
001    13399111215
003     ULIB
008    110620s2004||||th 000 0 eng d
020    1401806375
024    9781401806323
060 04 WY193^bH464n 2004
100 1  Hegner, Barbara R
245 00 Nursing assistant :^ba nursing process approach /^cBarbaraR. Hegner, Barbara Acello, Esther Caldwell
250     9th ed.
260    Clifton Park, N.Y. :^bThomson/Delmar Learning,^c2004
300    xvi, 998 p. :^bill. (chiefly col.) ;^c28 cm
504    Includes bibliographical references
650  2 Nurses Aides
650  2 Nursing Care
700 1  Acello, Barbara
700 1  Caldwell, Esther
945    ^p2135^l0^i025096
995    Kesorn
999    ^aใช้งานได้ทุกระบบ
รายการนี้ยังไม่มีแท็ก
คุณยังไม่ได้ล็อกอิน คุณสามารถมีกิจกรรมร่วมกับเว็บไซต์ได้ แต่ต้องล็อกอินก่อน ::
  ล็อกอิน

รายการสื่อสารสนเทศ

ลำดับที่ ประเภท เลขเรียก/บาร์โค้ด สถานที่ สถานะ
- ไม่พบข้อมูล -

รายการใกล้เคียง
    ผู้แต่ง [Hegner, Barbara R]

    หัวเรื่อง [Nurses Aides]
    หัวเรื่อง [Nursing Care]

BibComment


ยังไม่เคยถูกคอมเมนท์

คอมเมนท์ทรัพยากรรายการนี้
  คอมเมนท์: Nursing assistant..


 Copyright 2026. Bcnsprnw @Library